Persecución a la iglesia en El Salvador: del 5 de enero al 10 de octubre de 1980
保存先:
| フォーマット: | 図書 |
|---|---|
| 言語: | Spanish |
| タグ: |
タグ追加
タグなし, このレコードへの初めてのタグを付けませんか!
|
MARC
| LEADER | 00000nam a22000007a 4500 | ||
|---|---|---|---|
| 003 | cru CIDCACS/IIS | ||
| 005 | 20191206152714.0 | ||
| 007 | ta | ||
| 008 | 191206s1980 cr |||||r||||||0| ||spa|d | ||
| 999 | |c 42733 |d 42733 | ||
| 040 | |c cru CIDCACS/IIS | ||
| 245 | |a Persecución a la iglesia en El Salvador: |b del 5 de enero al 10 de octubre de 1980 | ||
| 300 | |a páginas 5-16: |b tablas, fotos | ||
| 942 | |2 ddc |c PP | ||
| 773 | 0 | |0 42204 |9 4023 |a Comisión Centroamericana de Derechos Humanos (Costa Rica) |d San José, Costa Rica: Comisión Centroamericana de Derechos Humanos |o 17726 |t Denuncia y Solidaridad/ | |
